PROJECT MANAGEMENT A MANAGERIAL APPROACH (Record no. 19017)

MARC details
000 -LEADER
fixed length control field 00366nam a2200145Ia 4500
008 - FIXED-LENGTH DATA ELEMENTS--GENERAL INFORMATION
fixed length control field 240624s9999 xx 000 0 und d
041 ## - LANGUAGE CODE
Language code of text/sound track or separate title eng
082 ## - DEWEY DECIMAL CLASSIFICATION NUMBER
Classification number 658.404 MER
100 ## - MAIN ENTRY--PERSONAL NAME
Personal name MEREDITH JACK R
245 ## - TITLE STATEMENT
Title PROJECT MANAGEMENT A MANAGERIAL APPROACH
250 ## - EDITION STATEMENT
Edition statement (7th ed.)
260 ## - PUBLICATION, DISTRIBUTION, ETC.
Date of publication, distribution, etc. 2010
Place of publication, distribution, etc. New Delhi
Name of publisher, distributor, etc. Wiley India
300 ## - PHYSICAL DESCRIPTION
Extent 608 : p.
365 ## - TRADE PRICE
Currency code RS
Price amount 33.5
Holdings
Withdrawn status Lost status Damaged status Not for loan Home library Current library Shelving location Date acquired Source of acquisition Cost, normal purchase price Full call number Barcode Date last seen Copy number Price effective from Koha item type
        IMTN IMTN Rack 30-A 05/07/2012 AP 549.00 658.404 MER 19017 06/24/2024 1 06/24/2024 Books
Designed & Maintained by: LRC IMT Nagpur Contact: lrc@imtnag.ac.in© 2024. All Rights Reserved.